| 000 | 00844nam a2200253 i 4500 | ||
|---|---|---|---|
| 001 | 15549 | ||
| 003 | ES-MaACL | ||
| 005 | 20251114121101.0 | ||
| 007 | t| | ||
| 008 | 000330s1999 sp ||||1| spa d | ||
| 020 | _a84-233-3178-4 | ||
| 080 | _a94(675.98)"1994" | ||
| 100 | 1 |
_aGourevitch, Philip. _959358 |
|
| 245 | 1 | 0 |
_aQueremos informarle de que mañana seremos asesinados junto con nuestras familias _b: historias de Ruanda / _cPhilip Gourevitch ; traducción de Marita Osés. |
| 250 | _a1ª ed. | ||
| 260 |
_aBarcelona : _bDestino, _c1999. |
||
| 300 |
_a404 p. ; _c23 cm. |
||
| 490 | 1 |
_aAncora y delfín ; _v873 |
|
| 651 | 7 |
_aRuanda- _xHistoria- _y1994, Guerra Civil- _xAtrocidades _2 _9155370 |
|
| 700 | 1 |
_aOsés, Marita. _987743 |
|
| 830 | 0 | 0 |
_aÁncora y Delfín _v873 _9151298 |
| 852 |
_aES-MaACL _jL-22765 |
||
| 999 |
_c15549 _d15549 |
||